000 00508nam a2200181Ia 4500
003 OSt
005 20201118152935.0
008 190216s9999||||xx |||||||||||||| ||und||
020 _a9788176565165
040 _coclc
082 _a657
_bNAD/T
100 _aNadhani, A K
_94371
245 0 _aTally 6.3 Tutorial /
_cA K Nadhani ; K K Nadhani
260 _bBpb Publications,
_aNew Delhi:
_c2002.
300 _a287p
650 _aComputer
_92459
942 _cBK
_2ddc
_h657
_iNAD/T
_k657
_mNAD/T
999 _c8831
_d8831